Szczegóły MARC21

Bankowość elektroniczna a rozwój banków w Polsce : VaBanque 2006 : materiały konferencyjne /

005 -DATA I CZAS OSTATNIEJ MODYFIKACJI [,]
    • @
    • pole kontrolne
    • 20070713084225.0
020 -Międzynarod. znormalizowany nr książki - ISBN [ , ]
    • a
    • Numer ISBN
    • 836006511X Find
040 -Instytucja sporządzająca opis [ , ]
    • a
    • Instytucja, która sporządziła opis (NP)
    • SZCZ U/IJ
    • c
    • Instytucja, która sporządziła rekord (NP)
    • SZCZ U/IJ
    • d
    • Instytucja, która zmodyfikowała rekord (P)
    • SZCZ U/OG
041 -Język dokumentu [0, ]
    • a
    • Język tekstu (P)
    • polski
044 -Kraj miejsca wydania [ , ]
    • a
    • Kraj miejsca wydania
    • Polska
942 -Rodzaj dokumentu [ , ]
    • c
    • Rodzaj dokumentu
    • Książka
111 -Hasło główne - nazwa imprezy [2, ]
    • a
    • Nazwa imprezy (NP)
    • VaBanque 2006 Find
    • c
    • Miejsce imprezy (NP)
    • Szczecin).
    • d
    • Data imprezy (NP)
    • (2006 ;
245 -Strefa tytułu i oznaczenia odpowiedzialności [0,0]
    • a
    • Tytuł
    • Bankowość elektroniczna a rozwój banków w Polsce : Find
    • b
    • Ciąg dalszy tytułu (NP)
    • VaBanque 2006 : materiały konferencyjne / Find
    • c
    • Pozostałe elementy strefy tytułu i oznaczenia odpowiedzialności (NP)
    • Uniwersytet Szczeciński. Wydział Zarządzania i Ekonomiki Usług. Koło Naukowe Finansistów "Euroeconomicus".
246 -Wariant tytułu [1,0]
    • a
    • Tytuł (NP)
    • VaBanque 2006
246 -Wariant tytułu [1,3]
    • a
    • Tytuł (NP)
    • Akademia Bankowości "VaBanque 2006"
260 -Strefa adresu wydawniczego [ , ]
    • a
    • Miejsce wydania (P)
    • Szczecin :
    • b
    • Nazwa wydawcy (P)
    • Print Group,
    • c
    • Data wydania (P)
    • 2006.
300 -Strefa opisu fizycznego [ , ]
    • a
    • Określenie formy książki i/lub objętość (NP)
    • 141 s. :
    • b
    • Oznaczenie ilustracji (NP)
    • wykr. ;
    • c
    • Format (NP)
    • 25 cm.
500 -Uwaga ogólna [ , ]
    • a
    • Uwaga ogólna (NP)
    • Odmienna forma tyt.: VaBanque 2006.
500 -Uwaga ogólna [ , ]
    • a
    • Uwaga ogólna (NP)
    • Nadtytuł: Akademia Bankowości "VaBanque 2006".
500 -Uwaga ogólna [ , ]
    • a
    • Uwaga ogólna (NP)
    • Konferencja odbyła się 10 maja 2006 r. w Szczecinie.
500 -Uwaga ogólna [ , ]
    • a
    • Uwaga ogólna (NP)
    • Bibliogr.
080 -Uniwersalna Klasyfikacja Dziesiętna [ , ]
    • 2
    • Identyfikator wydania tablic
    • UDC-P022
    • a
    • Symbol klasyfikacji
    • 336.71
    • b
    • Dopowiedzenie
    • Bankowość. Banki.
    • x
    • Poddział wspólny
    • (438)
    • b
    • Dopowiedzenie
    • (Polska).
    • x
    • Poddział wspólny
    • (061)
    • b
    • Dopowiedzenie
    • (Wydawnictwa odnoszące się do konferencji, zjazdów itd.).
080 -Uniwersalna Klasyfikacja Dziesiętna [ , ]
    • 2
    • Identyfikator wydania tablic
    • UDC-P022
    • a
    • Symbol klasyfikacji
    • 004.738.5
    • b
    • Dopowiedzenie
    • Internet.
    • x
    • Poddział wspólny
    • (438)
    • b
    • Dopowiedzenie
    • (Polska).
    • x
    • Poddział wspólny
    • (061)
    • b
    • Dopowiedzenie
    • (Wydawnictwa odnoszące się do konferencji, zjazdów itd.).
980 -Symbol UKD [ , ]
    • a
    • UKD
    • 336.71:004.738.5](438)(061)
920 -ISBN [ , ]
    • a
    • ISBN
    • 83-60065-11-X Find
Sygnatura Numer inwentarzowy Status udost. Data inwentaryzacji Lokalizacja
T.9530T.9530-22007-07-06T
 TM.4670-22007-07-06T
 TM.4953-22007-09-12T